al-'Iraq. (Record no. 45705)
[ view plain ]
| 000 -LEADER | |
|---|---|
| fixed length control field | 00563cam a22002291 4500 |
| 001 - CONTROL NUMBER | |
| control field | ne 63000597 |
| 003 - CONTROL NUMBER IDENTIFIER | |
| control field | DLC |
| 005 - DATE AND TIME OF LATEST TRANSACTION | |
| control field | 20260227111743.0 |
| 008 - FIXED-LENGTH DATA ELEMENTS--GENERAL INFORMATION | |
| fixed length control field | 890904s1962 xx 000 0 ara |
| 010 ## - LIBRARY OF CONGRESS CONTROL NUMBER | |
| LC control number | ne 63000597 |
| 035 ## - SYSTEM CONTROL NUMBER | |
| System control number | (OCoLC)23514875 |
| 040 ## - CATALOGING SOURCE | |
| Original cataloging agency | DLC |
| Transcribing agency | MiU |
| Modifying agency | DLC |
| 042 ## - AUTHENTICATION CODE | |
| Authentication code | premarc |
| 050 00 - LIBRARY OF CONGRESS CALL NUMBER | |
| Classification number | DS70.6 |
| Item number | .J3 |
| 100 1# - MAIN ENTRY--PERSONAL NAME | |
| Personal name | Jawhar, Ḥasan Muḥammad. |
| 245 13 - TITLE STATEMENT | |
| Title | al-'Iraq. |
| 260 ## - PUBLICATION, DISTRIBUTION, ETC. | |
| Date of publication, distribution, etc. | [1962] |
| 300 ## - PHYSICAL DESCRIPTION | |
| Extent | 135 p. |
| Other physical details | illus., map. |
| Dimensions | 19 cm. |
| 490 0# - SERIES STATEMENT | |
| Series statement | # |
| 651 #0 - SUBJECT ADDED ENTRY--GEOGRAPHIC NAME | |
| Geographic name | Iraq. |
| 700 2# - ADDED ENTRY--PERSONAL NAME | |
| Personal name | Abū al-Layl, Muḥammad Mursī, |
| Relator term | joint author. |
No items available.